| 000 | 00409 a2200145 4500 | ||
|---|---|---|---|
| 999 |
_c5850 _d5850 |
||
| 020 | _a0582006031 | ||
| 050 | _aQD453.2 ATK 1982 | ||
| 100 |
_aAtkins P.W _eauthor |
||
| 245 |
_aPrinciples Of Physical Chemistry : _cP.W Atkins and M.J Clugston |
||
| 264 |
_aGreat Britain _bLongman _c1982 |
||
| 300 |
_a246p. : _bill. |
||
| 500 | _aIncludes index | ||
| 650 | _aPhysical Chemistry | ||
| 942 |
_2lcc _cBK _h453.2 _iATK _kQD |
||